=LDR 00000nam 2200000 4500 =001 INLIS000000000008561 =005 20130612100419 =008 ***********************************Ind** =035 ##$$0010-061300000008561 =041 ##$$a Ind =082 ##$$a 372.7 =090 ##$$a 372.7, MUc i =100 ##$$a Muchtar =245 ##$$a IPA 3B, Muchtar =260 ##$$a 2001 $b Jakarta =300 ##$$a 127 hlm, 28 cm =650 ##$$a IPA Pend-Dasar =850 ##$$a NBPNMAT